| 000 | 00905nam a2200289 4500 | ||
|---|---|---|---|
| 001 | 4552684 | ||
| 003 | OSt | ||
| 005 | 20140310181918.0 | ||
| 008 | 730727s1972 ilu b 000 0 eng | ||
| 010 | _a 72086312 | ||
| 040 |
_aDLC _cDLC _dDLC |
||
| 050 | 0 | 0 |
_aPN 4077 _b.Or63 1972 |
| 082 | 0 | 0 |
_aTR 372.62 _bOr1 1972 |
| 245 | 0 | 0 | _aOral interpretation in the secondary school / |
| 260 |
_aSkokie, Ill. : _bNational Textbook Co., _cc1972. |
||
| 300 |
_a27 p. : _c23 cm. |
||
| 490 | 1 | _aThe Michigan Speech Association curriculum guide series, 7 | |
| 500 | _aIncludes bibliographies. | ||
| 521 | _aFaculty | ||
| 541 | _j1 | ||
| 562 | _e1 | ||
| 650 | 0 |
_aOral interpretation _xStudy and teaching. _91222 |
|
| 650 | 0 |
_aSpeech _91223 |
|
| 810 | 2 |
_aMichigan Speech Association. _tCurriculum guide series, _v7. _91224 |
|
| 906 |
_a7 _bcbc _corignew _d2 _eopcn _f19 _gy-gencatlg |
||
| 942 |
_2lcc _cBK-TR _kTR |
||
| 999 |
_c6841 _d6841 |
||